000 00538nam a2200181Ia 4500
003 GCL
008 140319s9999 xx 000 0 ara d
040 _aGCL /
_cGCL
082 0 4 _a892.4
_bم ا
100 1 _aمحمود حميدة (ممثل)
245 1 0 _aاستراتيجيةالادب الصهيونى لارهاب الغرب /
_cمحمود حميدة (ممثل)
300 _a170 ص
490 _aنحن وهم
_v0
650 0 4 _aالادب العربى
650 0 4 _aالادب
650 0 4 _aتاريخ ونقد
942 _2ddc
_cBK
999 _c41074
_d41074